Daňové orgány - čo o nich vieme. Chceme sa dostať bližšie k podnikateľom.
Vznik Ústredného daňového riaditeľstva SR 16.11.1992 so sídlom v Banskej Bystrici a 107 daňových úradov, zákony stanovujúce ich pôsobnosť, práva a povinnosti úradov i poplatníkov, podnikateľských subjektov. Časopis Trend sprostredkovateľom informácií o aplikácii nových daní v praxi.
Salvato in:
| Autore principale: | |
|---|---|
| Natura: | Capitolo di libro |
| Lingua: | slovacco |
| Soggetti: | |
| Tags: |
Nessun Tag, puoi essere il primo ad aggiungerne!!
|
MARC
| LEADER | 00000naa a2200000 4500 | ||
|---|---|---|---|
| 001 | r011946 | ||
| 005 | 20220826094146.0 | ||
| 041 | 0 | |a slo | |
| 044 | |a SK | ||
| 245 | 1 | 0 | |a Daňové orgány - čo o nich vieme. |b Chceme sa dostať bližšie k podnikateľom. |c Š. Jágerský |
| 520 | |a Vznik Ústredného daňového riaditeľstva SR 16.11.1992 so sídlom v Banskej Bystrici a 107 daňových úradov, zákony stanovujúce ich pôsobnosť, práva a povinnosti úradov i poplatníkov, podnikateľských subjektov. Časopis Trend sprostredkovateľom informácií o aplikácii nových daní v praxi. | ||
| 610 | 2 | 0 | |a úrady daňové |
| 610 | 2 | 0 | |a Slovensko |
| 610 | 2 | 0 | |a Ústredné daňové riaditeľstvo SR Banská Bystrica |
| 100 | 1 | |a Jágerský, Š. | |